A Guide for Implementing a Patent Strategy

Detalles Bibliográficos
Autor principal: Rimai, Donald S.
Formato: eBook
Lenguaje:inglés
Publicado: Hoboken: Wiley, 2018
Materias:
Acceso en línea:Acceso restringido

MARC

LEADER 00000nam a22000007a 4500
005 2021031102302.0
007 cr|||| ||||
008 210311s2018 us |||||s|||| 00||0 eng d
020 |a 978-1-119-40710-2 
035 |a 32463 
040 |a vLex 
090 |c 11344  |d 11344 
100 1 |a Rimai, Donald S. 
245 1 1 |a A Guide for Implementing a Patent Strategy  |h [Recurso electrn̤ico] /  |c Donald S. Rimai 
256 |a Servicio en ln̕ea 
260 |a Hoboken:  |b Wiley,  |c 2018 
300 |a 1 recurso electrn̤ico 
500 |a How Inventors, Engineers, Scientists, Entrepreneurs, and Independent Innovators Can Protect Their Intellectual Property This book is aimed at the innovators who drive the advances from which we all benefit. This includes scientists, engineers, technicians, managers, and entrepreneurs who want to financially benefit from their innovations. The book describes how to build patent portfolios that will properly protect your technology and be of financial benefit. The tools that innovators need to have to generate patents are presented in detail. 
506 1 |a Disponible solo en los productos indicados  |d vLex Global  |d vLex Global (Academic Edition, excluding Law Schools)  |d vLex Global (Academic Edition, Law Schools) 
650 0 4 |a Propiedad Intelectual  |z Estados Unidos 
740 0 |a vLex Libros (Servicio en ln̕ea) 
856 4 0 |u http://vlex.com/source/guide-for-implementing-a-patent-strategy-how-inventors-engineers-scientists-entrepreneurs-and-independent-innovators-can-protect-their-intellectual-property-32463  |z Acceso restringido 
942 |c BOOK 
999 0 |a Intellectual property